=LDR 00000nam 2200000 4500 =001 INLIS000000000006037 =005 20130612094217 =008 ***********************************Ind** =035 ##$$0010-061300000006037 =041 ##$$a Ind =082 ##$$a 153.42 =090 ##$$a 153,42 Bon p =100 ##$$a Bono, Edward de =245 ##$$a Penerapan pola berfikir lateral/Edward de Bono; alih bahasa Dandan Riskomar =260 ##$$a 1991 $b Jakarta =300 ##$$a 167 hlm. ; 22 cm =650 ##$$a Fikiran dan Pemikiran =700 ##$$a Riskandar, Dandan =850 ##$$a NBPNMAT